| 000 | 00317cam a2200133u 4500 | ||
|---|---|---|---|
| 041 | _aENG | ||
| 082 |
_a230 _bCHA |
||
| 100 | 1 | _aChafer, Lewis Sperry, | |
| 245 | 0 | 0 | _aSystematic theology. |
| 260 |
_aDallas, _bDallas Seminary Press _c[1947-48] |
||
| 300 |
_a8 v. _bport. |
||
| 650 | 0 | _aTheology, Doctrinal. | |
| 942 | _cBK | ||
| 999 |
_c23560 _d23560 |
||